Länder nach Alphabet - Statistiken

Allgemein
  • Dieses Quiz wurde 285 mal gespielt
  • Das Durchschnittsergebnis liegt bei 16 aus 22
Antwortstatistiken
Buchstabe Kontinent Land % Korrekt
E Europa Estland
94%
A Europa Albanien
92%
C Südamerika Chile
91%
B Südamerika Brasilien
88%
F Europa Finnland
87%
H Nordamerika Haiti
80%
Z Europa Zypern
79%
I Europa Italien
78%
K Nordamerika Kanada
77%
R Asien/Europa Russland
77%
V Europa Vatikan
77%
P Europa Portugal
75%
D Nordamerika Dominikanische Republik
74%
O Asien Oman
74%
G Asien Georgien
71%
U Asien Usbekistan
68%
J Asien Jemen
67%
N Europa Niederlande
67%
L Afrika Libyen
60%
M Europa Malta
55%
T Australien und Ozeanien Tonga
52%
S Afrika Somalia
50%
Keine übereinstimmenden Quizze gefunden
Verteilung der Resultate
Anzahl Personen mit jedem Resultat
Perzentil nach korrekt beantworteten Fragen
Ihre Resultats-Entwicklung
Sie haben dieses Quiz noch nicht gespielt